000 00207nam a22000857a 4500
008 170111b xxu||||| |||| 00| 0 eng d
100 _92335
_aSharma.S.N.
245 _aMathematics-X
260 _aNew Delhi
_bGBP
_c2009
999 _c5273
_d5273